Các nước Tây Á
Giới thiệu về vị trí địa lý, lịch sử, tình hình chính trị, kinh tế của các nước trong khu vực Tây á như: Liên bang các tiểu vương quốc ả rập thống nhất, Cô oét, Goocđani
محفوظ في:
| التنسيق: | كتاب |
|---|---|
| اللغة: | Vietnamese |
| منشور في: |
H.
Sự thật
1978
|
| الموضوعات: | |
| الوسوم: |
إضافة وسم
لا توجد وسوم, كن أول من يضع وسما على هذه التسجيلة!
|
| Thư viện lưu trữ: | Mạng thư viện Đại học Đà Nẵng |
|---|
| LEADER | 01260nam a2200361 4500 | ||
|---|---|---|---|
| 001 | 000008863 | ||
| 003 | 5056 | ||
| 005 | 20111021141023.0 | ||
| 008 | 111021s1978 viesd | ||
| 020 | |c 1đ | ||
| 041 | 0 | |a vie | |
| 082 | |a 915.3 |b Nươ | ||
| 245 | 0 | |a Các nước Tây Á | |
| 260 | |a H. |b Sự thật |c 1978 | ||
| 300 | |a 223tr |c 19 cm | ||
| 500 | |a Tủ sách phổ thông | ||
| 504 | |a Mục lục cuối sách | ||
| 520 | |a Giới thiệu về vị trí địa lý, lịch sử, tình hình chính trị, kinh tế của các nước trong khu vực Tây á như: Liên bang các tiểu vương quốc ả rập thống nhất, Cô oét, Goocđani | ||
| 653 | |a Châu Á | ||
| 653 | |a Tây Á | ||
| 653 | |a Địa lí | ||
| 653 | |a Kinh tế | ||
| 910 | |a Thương |d 21/10/2011 | ||
| OWN | |a LSP | ||
| AVA | |a UDN50 |b LSP |d 915.3 Nươ |e available |t Error 5001 Not defined in file expand_doc_bib_avail. |f 4 |g 1 |h N |i 0 |k 1 | ||
| 999 | |a From the UDN01 | ||
| AVA | |a UDN50 |b LSP |d 915.3 Nươ |e available |t Error 5001 Not defined in file expand_doc_bib_avail. |f 4 |g 1 |h N |i 0 |k 1 | ||
| TYP | |a Monograph | ||
| TYP | |a Printed language | ||
| 980 | |a Mạng thư viện Đại học Đà Nẵng | ||